11 March 2025 | Philosophy - Statistics

General Stats
  • This quiz has been taken 47 times
  • The average score is 7 of 15
Answer Stats
Question Answer % Correct
Which philosopher is famous for saying "I think, therefore I am"? René Descartes
100%
Which book was written by Plato and presents the concept of the ideal Republic? "The Republic"
86%
Who is considered the father of Western philosophy? Socrate
81%
Which philosopher introduced the idea of the "superman"? Friedrich Nietzsche
67%
Which philosopher is known for his dialectical method and was Plato's teacher? Socrate
67%
Who wrote "Thus Spoke Zarathustra"? Friedrich Nietzsche
57%
Which philosopher was one of the main representatives of existentialism and wrote "Being and Nothingness"? Jean-Paul Sartre
50%
Which philosophical school claims that knowledge comes primarily from sensory experience? Empiricism
45%
Who theorized the "social contract" as the foundation of political organization Jean-Jacques Rousseau
40%
Who is known for his theory of "will to power"? Friedrich Nietzsche
38%
Which philosophical movement, born in the 17th century, values rationality and science? Rationalism
24%
Which philosopher said "Man is the measure of all things"? Protagoras
10%
Which philosopher founded the school of Stoicism? Zeno of Citium
10%
What famous phrase was uttered by Karl Marx? Religion is the opium of the people
2%
What term refers to the principle that morality should be based on reason? Rational ethics
0%
No matching quizzes found
Score Distribution
Percent of People with Each Score
Percentile by Number Answered
Your Score History
You have not taken this quiz